000
00314nam a2200133Ia 4500
008
230312s9999||||xx |||||||||||||| ||und||
082
_a
611
_b
ROM-C
100
_a
Romanes,G.J
245
0
_a
Cunningham,s manual of practical anatomy
260
_b
Oxford
546
_a
Eng.
650
_a
Medical
_v
anatomy
942
_c
BK
999
_c
5239
_d
5239